| 000 | 00397nam a22001577a 4500 | ||
|---|---|---|---|
| 005 | 20230606134053.0 | ||
| 008 | 230606b |||||||| |||| 00| 0 eng d | ||
| 020 | _a9788120329621 | ||
| 082 |
_a004.22 _bSTA-C |
||
| 100 | _aStallings,William | ||
| 245 | _aComputer Organization and Architecture/ | ||
| 260 |
_aIndia _bPHI _c2006 |
||
| 300 | _a778 | ||
| 650 | _aComputer Architecture | ||
| 999 |
_c18601 _d18601 |
||